000 00525nam a2200217Ia 4500
003 OSt
005 20221005124441.0
006 a|||||r|||| 00| 0
007 ta
008 221004b |||||||| |||| 00| 0 eng d
024 _a118733
037 _cTextual
040 _aCRL
_cCRL
_beng
041 _2eng
_aeng
100 _aVankatarama Aiyar T L
_9635260
245 0 _aMuthuswami Dikshitan
260 _c1968
650 _aENGLISH LANGUAGE
942 _cTEXL
_2cc
999 _c1050526
_d1050526